000 01011nam a22002417a 4500
005 20110429165957.0
008 110429t xxu||||| |||| 00| 0 mar d
010 _aMAR-20797
020 _c175.00
_a9788174344595
035 _aMR-13455
037 _bDBAD / PUB
040 _aDPL
_bMR
082 _a363.7
100 _aआपटे,मोहन
_927525
245 _aमला उत्तर हवंय :
_cमोहन आपटे
_bपर्यावरण /
246 _aMala Uttar Havay : Paryavaran
_bby Mohan Apte
260 _aपुणे
_bराजहंस प्रकाशन
_c2009
270 _a1025,सदाशिव पेठ
_bपुणे
300 _aदहा,218पृ
_c21 सेमी (अजिल्द)
_bसचित्र
700 _927590
942 _2ddc
_cMR
_mआपटे
_h363.7
999 _c52201
_d52201